[Event "XIII International Chess Festival"]
[Site "Paracin"]
[Date "2020.07.04"]
[Round "2.1"]
[White "Aleksic, Neven"]
[Black "Basso, Pier Luigi"]
[Result "0-1"]
[BlackElo "2596"]
[WhiteElo "2169"]
[LiveChessVersion "1.4.8"]

1. d4 {[%clk 1:30:56]} g6 {[%clk 1:29:17]} 2. c4 {[%clk 1:30:38]} Bg7
{[%clk 1:29:39]} 3. Nc3 {[%clk 1:30:34]} e6 {[%clk 1:30:00]} 4. Nf3
{[%clk 1:29:45]} Ne7 {[%clk 1:30:23]} 5. e3 {[%clk 1:22:26]} d5 {[%clk 1:29:56]}
6. Be2 {[%clk 1:22:16]} O-O {[%clk 1:25:28]} 7. O-O {[%clk 1:22:10]} b6
{[%clk 1:17:18]} 8. cxd5 {[%clk 1:14:08]} exd5 {[%clk 1:13:32]} 9. b3
{[%clk 1:14:10]} Bb7 {[%clk 1:11:39]} 10. Bb2 {[%clk 1:13:47]} Nd7
{[%clk 1:08:02]} 11. Rc1 {[%clk 1:10:06]} a6 {[%clk 1:06:07]} 12. Qd2
{[%clk 1:07:25]} Re8 {[%clk 1:00:53]} 13. Bd3 {[%clk 1:05:41]} Nc8
{[%clk 0:51:31]} 14. Ba3 {[%clk 0:57:16]} Nf8 {[%clk 0:51:36]} 15. Rc2
{[%clk 0:44:56]} Nd6 {[%clk 0:49:15]} 16. Bxd6 {[%clk 0:44:21]} Qxd6
{[%clk 0:49:37]} 17. Rfc1 {[%clk 0:44:04]} Ne6 {[%clk 0:47:44]} 18. Na4
{[%clk 0:39:34]} Rac8 {[%clk 0:44:57]} 19. b4 {[%clk 0:18:42]} Qd7
{[%clk 0:33:44]} 20. Nc3 {[%clk 0:18:49]} Red8 {[%clk 0:23:55]} 21. Ne2
{[%clk 0:12:54]} Bf8 {[%clk 0:21:02]} 22. Rb1 {[%clk 0:08:27]} Bd6
{[%clk 0:20:55]} 23. a4 {[%clk 0:07:36]} c5 {[%clk 0:10:54]} 24. bxc5
{[%clk 0:07:39]} bxc5 {[%clk 0:11:22]} 25. dxc5 {[%clk 0:07:09]} Nxc5
{[%clk 0:11:41]} 26. a5 {[%clk 0:05:57]} Ne4 {[%clk 0:09:01]} 27. Bxe4
{[%clk 0:05:33]} dxe4 {[%clk 0:09:28]} 28. Nfd4 {[%clk 0:05:25]} Rxc2
{[%clk 0:09:36]} 29. Qxc2 {[%clk 0:05:35]} Rc8 {[%clk 0:09:55]} 30. Qb2
{[%clk 0:04:07]} Bd5 {[%clk 0:07:47]} 31. g3 {[%clk 0:03:44]} h5 {[%clk 0:06:21]}
32. h4 {[%clk 0:03:09]} Bc4 {[%clk 0:05:06]} 33. Kg2 {[%clk 0:02:30]} Bd3
{[%clk 0:04:11]} 34. Rc1 {[%clk 0:01:20]} Rb8 {[%clk 0:03:44]} 35. Qa2
{[%clk 0:01:10]} Qg4 {[%clk 0:01:29]} 36. Rc6 {[%clk 0:00:53]} Be5
{[%clk 0:01:21]} 37. Rc5 {[%clk 0:00:41]} Bxd4 {[%clk 0:00:35]} 38. Nxd4
{[%clk 0:00:45]} Qd1 {[%clk 0:00:34]} 39. Rc7 {[%clk 0:00:42]} Rf8
{[%clk 0:00:50]} 40. Qb2 {[%clk 0:00:40]} Bf1+ {[%clk 0:00:56]} 41. Kh2
{[%clk 0:00:37]} Qg4 {[%clk 0:01:14]} 42. Kg1 {[%clk 0:00:33]} Qh3
{[%clk 0:01:39]} 43. f3 {[%clk 0:00:34]} Qxg3+ {[%clk 0:01:59]} 0-1

[Event "XIII International Chess Festival"]
[Site "Paracin"]
[Date "2020.07.04"]
[Round "2.2"]
[White "Ernst, Sipke"]
[Black "Terziev, Dimo"]
[Result "1-0"]
[BlackElo "2167"]
[WhiteElo "2540"]
[LiveChessVersion "1.4.8"]

1. d4 {[%clk 1:30:15]} d5 {[%clk 1:30:54]} 2. c4 {[%clk 1:30:30]} dxc4
{[%clk 1:31:14]} 3. e3 {[%clk 1:30:45]} Nf6 {[%clk 1:31:35]} 4. Bxc4
{[%clk 1:31:07]} e6 {[%clk 1:31:58]} 5. Qe2 {[%clk 1:30:19]} a6 {[%clk 1:32:14]}
6. Nf3 {[%clk 1:30:36]} b5 {[%clk 1:32:25]} 7. Bd3 {[%clk 1:31:02]} c5
{[%clk 1:32:37]} 8. dxc5 {[%clk 1:31:29]} Bxc5 {[%clk 1:32:53]} 9. O-O
{[%clk 1:31:55]} O-O {[%clk 1:32:29]} 10. e4 {[%clk 1:32:23]} Nfd7
{[%clk 1:28:09]} 11. e5 {[%clk 1:30:25]} g6 {[%clk 1:27:30]} 12. b4
{[%clk 1:29:18]} Bxb4 {[%clk 1:19:57]} 13. Be4 {[%clk 1:26:45]} Ra7
{[%clk 1:19:43]} 14. a4 {[%clk 1:20:29]} Bc5 {[%clk 1:16:32]} 15. Bh6
{[%clk 1:08:58]} Re8 {[%clk 1:16:10]} 16. Nbd2 {[%clk 1:09:12]} b4
{[%clk 1:12:17]} 17. a5 {[%clk 1:05:17]} Bb7 {[%clk 1:09:31]} 18. Rac1
{[%clk 1:02:19]} Bd5 {[%clk 1:06:08]} 19. Bxd5 {[%clk 0:57:01]} exd5
{[%clk 1:06:28]} 20. Nb3 {[%clk 0:57:00]} Bd6 {[%clk 1:03:04]} 21. Be3
{[%clk 0:46:22]} Bxe5 {[%clk 1:00:20]} 22. Nxe5 {[%clk 0:44:10]} Rxe5
{[%clk 1:00:24]} 23. Qd2 {[%clk 0:43:45]} Rb7 {[%clk 1:00:00]} 24. Rc2
{[%clk 0:42:42]} Nf6 {[%clk 0:51:36]} 25. Rfc1 {[%clk 0:39:48]} Re8
{[%clk 0:51:52]} 26. Qd4 {[%clk 0:32:46]} Qe7 {[%clk 0:48:52]} 27. h3
{[%clk 0:28:58]} Kg7 {[%clk 0:37:22]} 28. Qh4 {[%clk 0:22:24]} Ne4
{[%clk 0:34:00]} 29. Bd4+ {[%clk 0:20:42]} Kg8 {[%clk 0:31:45]} 30. Rc8
{[%clk 0:18:08]} Nd6 {[%clk 0:26:55]} 31. Rxe8+ {[%clk 0:16:49]} Nxe8
{[%clk 0:27:05]} 32. Rc8 {[%clk 0:15:43]} f6 {[%clk 0:20:32]} 33. Rxe8+
{[%clk 0:11:26]} Qxe8 {[%clk 0:20:57]} 34. Qxf6 {[%clk 0:11:54]} Re7
{[%clk 0:17:00]} 35. Qh8+ {[%clk 0:09:17]} Kf7 {[%clk 0:17:14]} 36. Qf6+
{[%clk 0:09:45]} Kg8 {[%clk 0:17:34]} 37. Nc5 {[%clk 0:08:22]} Qf8
{[%clk 0:16:41]} 38. Qh8+ {[%clk 0:08:48]} Kf7 {[%clk 0:17:05]} 39. Qxh7+
{[%clk 0:09:13]} Ke8 {[%clk 0:17:31]} 40. Qxg6+ {[%clk 0:09:40]} Qf7
{[%clk 0:17:43]} 41. Qd6 {[%clk 0:09:10]} Nd7 {[%clk 0:16:08]} 42. Nxa6
{[%clk 0:07:17]} b3 {[%clk 0:13:00]} 43. Nc7+ {[%clk 0:06:56]} Kd8
{[%clk 0:13:26]} 44. Nxd5 {[%clk 0:05:22]} Re1+ {[%clk 0:12:36]} 45. Kh2
{[%clk 0:05:49]} Rc1 {[%clk 0:12:48]} 46. a6 {[%clk 0:05:01]} b2 {[%clk 0:11:49]}
47. Bxb2 {[%clk 0:04:43]} 1-0

[Event "XIII International Chess Festival"]
[Site "Paracin"]
[Date "2020.07.04"]
[Round "2.3"]
[White "Radosavljevic, Slobodan D"]
[Black "Mendonca, Leon Luke"]
[Result "0-1"]
[BlackElo "2470"]
[WhiteElo "2159"]
[LiveChessVersion "1.4.8"]

1. Nf3 {[%clk 1:30:58]} Nf6 2. g3 d5 {[%clk 1:27:48]} 3. Bg2 {[%clk 1:30:41]} e6
{[%clk 1:27:53]} 4. O-O {[%clk 1:30:54]} Be7 {[%clk 1:28:19]} 5. d3
{[%clk 1:31:06]} O-O {[%clk 1:28:34]} 6. c4 {[%clk 1:31:24]} b6 {[%clk 1:28:18]}
7. Nc3 {[%clk 1:27:34]} Bb7 {[%clk 1:28:22]} 8. Bf4 {[%clk 1:24:17]} a6
{[%clk 1:20:11]} 9. Ne5 {[%clk 1:22:10]} Nbd7 {[%clk 1:14:36]} 10. d4
{[%clk 1:16:39]} Rc8 {[%clk 1:07:53]} 11. Qa4 {[%clk 1:01:48]} c6
{[%clk 1:00:58]} 12. Qb3 {[%clk 0:39:45]} b5 {[%clk 0:57:55]} 13. cxd5
{[%clk 0:28:46]} cxd5 {[%clk 0:58:07]} 14. Rfd1 {[%clk 0:23:26]} Nxe5
{[%clk 0:48:48]} 15. dxe5 {[%clk 0:21:14]} Nd7 {[%clk 0:49:04]} 16. h4
{[%clk 0:18:57]} Nc5 {[%clk 0:44:09]} 17. Qc2 {[%clk 0:19:05]} b4
{[%clk 0:39:42]} 18. Nb1 {[%clk 0:16:15]} Qb6 {[%clk 0:33:28]} 19. Be3
{[%clk 0:08:24]} Qb5 {[%clk 0:28:54]} 20. Qd2 {[%clk 0:08:18]} a5
{[%clk 0:26:39]} 21. Bd4 {[%clk 0:05:20]} Ba6 {[%clk 0:26:53]} 22. Bf1
{[%clk 0:05:28]} Ne4 {[%clk 0:23:11]} 23. Qd3 {[%clk 0:04:02]} Qc6
{[%clk 0:16:44]} 24. Qe3 {[%clk 0:03:42]} f6 {[%clk 0:15:55]} 25. exf6
{[%clk 0:01:24]} Bxf6 {[%clk 0:14:39]} 26. Nd2 {[%clk 0:01:17]} Bxd4
{[%clk 0:14:20]} 27. Qxd4 {[%clk 0:01:40]} Nxf2 {[%clk 0:14:23]} 28. Rdc1
{[%clk 0:01:48]} Qd6 {[%clk 0:13:09]} 29. Kh2 {[%clk 0:01:21]} e5
{[%clk 0:13:11]} 30. Qa7 {[%clk 0:01:39]} Ng4+ {[%clk 0:11:55]} 31. Kh1
{[%clk 0:00:54]} e4 {[%clk 0:11:24]} 32. Rxc8 {[%clk 0:01:12]} Bxc8
{[%clk 0:11:45]} 33. Qg1 {[%clk 0:01:26]} d4 {[%clk 0:11:28]} 0-1

[Event "XIII International Chess Festival"]
[Site "Paracin"]
[Date "2020.07.04"]
[Round "2.4"]
[White "Cabarkapa, Novak"]
[Black "Kuzmanovic, Slobodan"]
[Result "1-0"]
[BlackElo "2164"]
[WhiteElo "2459"]
[LiveChessVersion "1.4.8"]

1. d4 {[%clk 1:29:40]} Nf6 {[%clk 1:30:46]} 2. Nc3 {[%clk 1:30:04]} d5
{[%clk 1:30:54]} 3. Bf4 {[%clk 1:30:27]} e6 {[%clk 1:26:22]} 4. e3
{[%clk 1:30:49]} Bb4 {[%clk 1:25:52]} 5. Nge2 {[%clk 1:29:28]} b6
{[%clk 1:22:21]} 6. a3 {[%clk 1:27:04]} Bd6 {[%clk 1:22:40]} 7. Rg1
{[%clk 1:25:20]} Ba6 {[%clk 1:22:24]} 8. g4 {[%clk 1:23:34]} Bxf4
{[%clk 1:21:52]} 9. Nxf4 {[%clk 1:23:33]} Bxf1 {[%clk 1:21:49]} 10. Rxf1
{[%clk 1:21:21]} O-O {[%clk 1:20:59]} 11. g5 {[%clk 1:21:01]} Ne4
{[%clk 1:19:09]} 12. Nxe4 {[%clk 1:21:07]} dxe4 {[%clk 1:19:34]} 13. Qg4
{[%clk 1:20:42]} Qd6 {[%clk 1:16:55]} 14. Nh5 {[%clk 1:17:29]} Nd7
{[%clk 1:16:12]} 15. Qxe4 {[%clk 1:14:05]} Rfc8 {[%clk 1:06:56]} 16. O-O-O
{[%clk 1:12:45]} Qxh2 {[%clk 1:05:21]} 17. Ng3 {[%clk 0:52:43]} h5
{[%clk 1:01:48]} 18. Rh1 {[%clk 0:48:26]} Qxf2 {[%clk 1:01:59]} 19. Rh3
{[%clk 0:45:13]} h4 {[%clk 1:02:12]} 20. Qxh4 {[%clk 0:43:22]} Qxe3+
{[%clk 1:01:56]} 21. Kb1 {[%clk 0:43:32]} Kf8 {[%clk 1:02:19]} 22. Qh8+
{[%clk 0:43:44]} Ke7 {[%clk 1:02:32]} 23. Nf5+ {[%clk 0:44:08]} 1-0

[Event "XIII International Chess Festival"]
[Site "Paracin"]
[Date "2020.07.04"]
[Round "2.5"]
[White "Albers, Sasa"]
[Black "Ratkovic, Miloje"]
[Result "0-1"]
[BlackElo "2456"]
[WhiteElo "2120"]
[LiveChessVersion "1.4.8"]

1. e4 {[%clk 1:30:58]} c6 {[%clk 1:29:59]} 2. Nc3 {[%clk 1:31:22]} d5
{[%clk 1:29:45]} 3. Nf3 {[%clk 1:31:47]} a6 {[%clk 1:27:05]} 4. d4
{[%clk 1:26:55]} Bg4 {[%clk 1:27:08]} 5. h3 {[%clk 1:26:44]} Bh5 {[%clk 1:27:31]}
6. Bd3 {[%clk 1:18:27]} e6 {[%clk 1:27:43]} 7. O-O {[%clk 1:17:57]} Nf6
{[%clk 1:27:55]} 8. Bg5 {[%clk 1:01:39]} Be7 {[%clk 1:28:03]} 9. e5
{[%clk 1:00:40]} Nfd7 {[%clk 1:28:17]} 10. Bxe7 {[%clk 1:00:18]} Qxe7
{[%clk 1:28:39]} 11. g4 {[%clk 0:59:59]} Bg6 {[%clk 1:29:01]} 12. Ne2
{[%clk 0:59:59]} c5 {[%clk 1:26:40]} 13. c3 {[%clk 1:00:23]} Nc6 {[%clk 1:26:18]}
14. a3 {[%clk 0:57:36]} O-O {[%clk 1:24:01]} 15. Ng3 {[%clk 0:54:44]} Rad8
{[%clk 1:20:32]} 16. Qe2 {[%clk 0:51:32]} cxd4 {[%clk 1:14:17]} 17. cxd4
{[%clk 0:51:36]} Bxd3 {[%clk 1:13:55]} 18. Qxd3 {[%clk 0:52:03]} f6
{[%clk 1:14:23]} 19. exf6 {[%clk 0:41:07]} Qxf6 {[%clk 1:14:12]} 20. Kg2
{[%clk 0:40:42]} e5 {[%clk 1:10:59]} 21. dxe5 {[%clk 0:39:51]} Ndxe5
{[%clk 1:11:15]} 22. Nxe5 {[%clk 0:40:14]} Nxe5 {[%clk 1:11:33]} 23. Qb3
{[%clk 0:40:07]} Ng6 {[%clk 1:02:04]} 24. Rad1 {[%clk 0:35:26]} Kh8
{[%clk 0:51:37]} 25. Nh5 {[%clk 0:26:47]} Nh4+ {[%clk 0:46:53]} 26. Kh1
{[%clk 0:25:26]} Qf3+ {[%clk 0:47:14]} 27. Qxf3 {[%clk 0:25:46]} Rxf3
{[%clk 0:47:38]} 28. Ng3 {[%clk 0:23:12]} d4 {[%clk 0:47:26]} 29. Rd2
{[%clk 0:22:07]} Rb3 {[%clk 0:42:24]} 30. Rfd1 {[%clk 0:17:02]} d3
{[%clk 0:41:58]} 31. f4 {[%clk 0:17:25]} Nf3 {[%clk 0:42:11]} 32. Rf2
{[%clk 0:17:47]} d2 {[%clk 0:41:19]} 33. Nf1 {[%clk 0:12:55]} Kg8
{[%clk 0:40:26]} 34. Kg2 {[%clk 0:10:23]} Nh4+ {[%clk 0:40:12]} 35. Kg1
{[%clk 0:09:21]} Rxb2 {[%clk 0:38:58]} 36. Rdxd2 {[%clk 0:08:06]} Rbxd2
{[%clk 0:38:56]} 37. Nxd2 {[%clk 0:08:28]} Rxd2 {[%clk 0:39:20]} 0-1

[Event "XIII International Chess Festival"]
[Site "Paracin"]
[Date "2020.07.04"]
[Round "2.6"]
[White "Stankovic, Milos"]
[Black "Pantic, Ivica"]
[Result "1-0"]
[BlackElo "2131"]
[WhiteElo "2454"]
[LiveChessVersion "1.4.8"]

1. e4 Nf6 2. e5 Nd5 3. d4 d6 4. Nf3 dxe5 5. Nxe5 c6 6. Be2 Nd7 7. Nf3 g6 8. c4
Nc7 9. Be3 Bg7 10. Nc3 Nb6 11. h3 Be6 12. b3 O-O 13. O-O f5 14. Qd2 Kh8 15. Bh6
Bg8 16. Rad1 a5 17. Rfe1 a4 18. Bxg7+ Kxg7 19. Qe3 Rf6 20. Bd3 Re6 21. Ne5 axb3
22. axb3 Ra3 23. Bc2 Nd7 24. Ne2 Rf6 25. Qc3 Nf8 26. Qb4 Ra2 27. Bb1 Ra7 28. Qb6
Qb8 29. Ng3 Na8 30. Qc5 b6 31. Qb4 Qd8 32. h4 Ne6 33. Nxc6 1-0

[Event "XIII International Chess Festival"]
[Site "Paracin"]
[Date "2020.07.04"]
[Round "2.7"]
[White "Konyves, Almos"]
[Black "Ratkovic, Milovan"]
[Result "0-1"]
[BlackElo "2435"]
[WhiteElo "2090"]
[LiveChessVersion "1.4.8"]

1. e4 {[%clk 1:30:45]} c6 {[%clk 1:30:26]} 2. d4 {[%clk 1:30:55]} d5
{[%clk 1:30:48]} 3. exd5 {[%clk 1:31:16]} cxd5 {[%clk 1:31:12]} 4. Bd3
{[%clk 1:31:39]} Nc6 {[%clk 1:31:33]} 5. c3 {[%clk 1:32:03]} Nf6 {[%clk 1:31:54]}
6. Bf4 {[%clk 1:31:59]} g6 {[%clk 1:31:47]} 7. Nf3 {[%clk 1:31:45]} Bg7
{[%clk 1:32:05]} 8. O-O {[%clk 1:31:12]} O-O {[%clk 1:32:13]} 9. h3
{[%clk 1:30:42]} Bf5 {[%clk 1:30:59]} 10. Bxf5 {[%clk 1:28:19]} gxf5
{[%clk 1:31:19]} 11. Nbd2 {[%clk 1:27:26]} e6 {[%clk 1:30:41]} 12. Ne5
{[%clk 1:22:02]} Rc8 {[%clk 1:27:36]} 13. Qe2 {[%clk 1:19:13]} Kh8
{[%clk 1:25:21]} 14. Bg5 {[%clk 1:13:34]} Qc7 {[%clk 1:23:47]} 15. Bxf6
{[%clk 1:13:18]} Bxf6 {[%clk 1:24:03]} 16. f4 {[%clk 1:13:33]} Rg8
{[%clk 1:19:53]} 17. Kh1 {[%clk 1:03:28]} Rg7 {[%clk 1:17:30]} 18. g4
{[%clk 0:44:29]} Bxe5 {[%clk 1:12:13]} 19. fxe5 {[%clk 0:44:00]} fxg4
{[%clk 1:02:40]} 20. hxg4 {[%clk 0:44:18]} Rcg8 {[%clk 1:01:10]} 21. Rf6
{[%clk 0:42:38]} Rxg4 {[%clk 0:55:36]} 22. Qh2 {[%clk 0:42:19]} R8g7
{[%clk 0:52:29]} 23. Raf1 {[%clk 0:41:07]} Kg8 {[%clk 0:48:06]} 24. Qh3
{[%clk 0:32:24]} Rg3 {[%clk 0:45:16]} 25. Qh2 {[%clk 0:28:03]} R3g6
{[%clk 0:41:42]} 26. Qh3 {[%clk 0:19:32]} Ne7 {[%clk 0:39:05]} 27. Rxg6
{[%clk 0:12:47]} hxg6 {[%clk 0:33:13]} 28. Kg1 {[%clk 0:12:12]} Nf5
{[%clk 0:32:01]} 29. Rf2 Rh7 {[%clk 0:31:58]} 30. Qd3 {[%clk 0:10:34]} Qe7
{[%clk 0:29:02]} 31. Nf3 {[%clk 0:10:56]} Qf8 {[%clk 0:22:53]} 32. Qd2
{[%clk 0:07:54]} Rh3 {[%clk 0:21:44]} 33. Qf4 {[%clk 0:06:27]} Qg7
{[%clk 0:19:48]} 34. Rg2 {[%clk 0:06:02]} Rh5 {[%clk 0:15:11]} 35. Kf2
{[%clk 0:04:53]} Qh8 {[%clk 0:14:05]} 36. Rh2 {[%clk 0:04:40]} Rxh2+
{[%clk 0:12:42]} 37. Qxh2 {[%clk 0:03:50]} Qxh2+ {[%clk 0:12:33]} 38. Nxh2
{[%clk 0:04:15]} Kg7 {[%clk 0:12:44]} 39. Ng4 {[%clk 0:04:26]} g5
{[%clk 0:12:55]} 40. Nf6 {[%clk 0:04:17]} Kg6 {[%clk 0:12:37]} 41. Kf3
{[%clk 0:04:06]} Nh6 {[%clk 0:11:27]} 42. Ne8 {[%clk 0:03:28]} g4+
{[%clk 0:09:54]} 43. Kf4 {[%clk 0:02:33]} Kh5 {[%clk 0:10:07]} 44. Nf6+
{[%clk 0:01:22]} Kh4 {[%clk 0:10:00]} 45. Nh7 {[%clk 0:01:34]} g3
{[%clk 0:07:51]} 46. Ng5 {[%clk 0:01:22]} g2 {[%clk 0:06:53]} 47. b3
{[%clk 0:01:05]} g1=N {[%clk 0:05:21]} 0-1

[Event "XIII International Chess Festival"]
[Site "Paracin"]
[Date "2020.07.04"]
[Round "2.8"]
[White "Kosic, Dragan"]
[Black "Stankovic, Boris"]
[Result "1-0"]
[BlackElo "2119"]
[WhiteElo "2429"]
[LiveChessVersion "1.4.8"]

1. d4 {[%clk 1:30:57]} Nf6 {[%clk 1:29:03]} 2. Nf3 {[%clk 1:31:21]} g6
{[%clk 1:28:40]} 3. Bg5 {[%clk 1:31:24]} Bg7 {[%clk 1:28:48]} 4. Nbd2
{[%clk 1:31:47]} d5 {[%clk 1:27:02]} 5. e3 {[%clk 1:31:56]} O-O {[%clk 1:27:06]}
6. Be2 {[%clk 1:31:59]} b6 {[%clk 1:25:56]} 7. O-O {[%clk 1:32:07]} Bb7
{[%clk 1:21:17]} 8. a4 {[%clk 1:31:43]} a5 {[%clk 1:19:19]} 9. c3
{[%clk 1:31:44]} Ne4 {[%clk 1:13:57]} 10. Nxe4 {[%clk 1:31:32]} dxe4
{[%clk 1:14:20]} 11. Nd2 {[%clk 1:31:54]} Nd7 {[%clk 1:10:44]} 12. Qb3
{[%clk 1:28:57]} h6 {[%clk 0:50:37]} 13. Bh4 {[%clk 1:28:54]} g5 {[%clk 0:37:53]}
14. Bg3 {[%clk 1:26:24]} e5 {[%clk 0:30:21]} 15. Rfd1 {[%clk 1:18:11]} exd4
{[%clk 0:25:06]} 16. cxd4 {[%clk 1:18:31]} Kh8 {[%clk 0:20:51]} 17. Rac1
{[%clk 1:14:31]} Rc8 {[%clk 0:19:13]} 18. Qc2 {[%clk 1:08:58]} c5
{[%clk 0:14:16]} 19. dxc5 {[%clk 1:09:07]} Nxc5 {[%clk 0:11:07]} 20. Nc4
{[%clk 1:08:03]} Nd3 {[%clk 0:08:24]} 21. Bxd3 {[%clk 1:08:09]} exd3
{[%clk 0:08:52]} 22. Rxd3 {[%clk 1:08:27]} Qe8 {[%clk 0:07:51]} 23. Rdd1
{[%clk 1:08:18]} Qc6 {[%clk 0:03:55]} 24. f3 {[%clk 1:07:43]} Rfd8
{[%clk 0:03:42]} 25. b3 {[%clk 1:04:26]} Ba6 {[%clk 0:02:34]} 26. Rxd8+
{[%clk 0:59:33]} Rxd8 {[%clk 0:03:02]} 27. Nd6 {[%clk 0:59:37]} Qd5
{[%clk 0:01:21]} 28. Rd1 {[%clk 0:59:36]} Qe6 {[%clk 0:01:01]} 29. Nxf7+
{[%clk 0:59:56]} 1-0

[Event "XIII International Chess Festival"]
[Site "Paracin"]
[Date "2020.07.04"]
[Round "2.9"]
[White "Djokic, Slavoljub"]
[Black "Radovanovic, Nikola"]
[Result "0-1"]
[BlackElo "2389"]
[WhiteElo "2077"]
[LiveChessVersion "1.4.8"]

1. c4 {[%clk 1:30:30]} e5 {[%clk 1:27:35]} 2. Nc3 {[%clk 1:30:58]} Nc6
{[%clk 1:27:57]} 3. Nf3 Nf6 {[%clk 1:23:04]} 4. g3 {[%clk 1:31:47]} d5
{[%clk 1:22:37]} 5. cxd5 {[%clk 1:31:43]} Nxd5 {[%clk 1:22:57]} 6. Bg2
{[%clk 1:32:11]} Nde7 {[%clk 1:22:28]} 7. O-O {[%clk 1:30:50]} g6
{[%clk 1:22:14]} 8. d3 {[%clk 1:31:01]} Bg7 {[%clk 1:22:27]} 9. Bg5
{[%clk 1:31:16]} h6 {[%clk 1:21:02]} 10. Bxe7 {[%clk 1:29:40]} Qxe7
{[%clk 1:14:10]} 11. Rc1 {[%clk 1:27:47]} O-O {[%clk 1:12:45]} 12. Nd5
{[%clk 1:28:05]} Qd6 {[%clk 0:56:22]} 13. Nd2 f5 {[%clk 0:50:57]} 14. b4
{[%clk 1:23:20]} Rf7 {[%clk 0:43:08]} 15. b5 {[%clk 1:15:45]} Nd8
{[%clk 0:42:08]} 16. Nc4 {[%clk 1:13:35]} Qf8 {[%clk 0:36:05]} 17. a4
{[%clk 1:09:47]} Ne6 {[%clk 0:31:46]} 18. e4 {[%clk 1:08:06]} f4 {[%clk 0:29:52]}
19. f3 {[%clk 1:06:56]} fxg3 {[%clk 0:28:26]} 20. hxg3 {[%clk 1:07:24]} Nd4
{[%clk 0:27:39]} 21. f4 {[%clk 1:06:41]} c6 {[%clk 0:24:15]} 22. fxe5
{[%clk 1:03:29]} Rxf1+ {[%clk 0:22:41]} 23. Qxf1 {[%clk 1:03:55]} cxd5
{[%clk 0:22:28]} 24. exd5 {[%clk 1:03:31]} Bg4 {[%clk 0:18:31]} 25. Kh2
{[%clk 0:53:48]} Nf3+ {[%clk 0:15:02]} 26. Bxf3 {[%clk 0:54:01]} Bxf3
{[%clk 0:14:30]} 27. d6 {[%clk 0:52:54]} Bd5 {[%clk 0:04:32]} 28. Qxf8+
{[%clk 0:52:19]} Rxf8 {[%clk 0:02:12]} 29. Ne3 {[%clk 0:50:50]} Be6
{[%clk 0:02:12]} 30. d4 {[%clk 0:51:08]} Rc8 {[%clk 0:01:59]} 31. Rxc8+
{[%clk 0:50:59]} Bxc8 {[%clk 0:02:19]} 32. Kg2 {[%clk 0:50:47]} Kf7
{[%clk 0:01:31]} 33. Kf3 {[%clk 0:51:16]} Bf5 {[%clk 0:01:04]} 34. a5
{[%clk 0:46:23]} Bd3 {[%clk 0:00:40]} 35. b6 {[%clk 0:46:44]} axb6
{[%clk 0:00:59]} 36. axb6 {[%clk 0:47:13]} h5 {[%clk 0:00:38]} 37. g4
{[%clk 0:47:13]} Bh6 {[%clk 0:00:33]} 38. gxh5 {[%clk 0:46:45]} gxh5
{[%clk 0:00:53]} 39. d5 {[%clk 0:46:44]} Bxe3 {[%clk 0:00:57]} 40. Kxe3
{[%clk 0:47:13]} Bc4 {[%clk 0:00:53]} 41. e6+ {[%clk 0:46:45]} Kf6
{[%clk 0:00:42]} 42. Kd4 {[%clk 0:47:04]} Bb3 {[%clk 0:00:58]} 43. d7
{[%clk 0:41:21]} Ke7 {[%clk 0:01:21]} 44. Ke5 {[%clk 0:41:09]} h4
{[%clk 0:01:41]} 45. d6+ {[%clk 0:41:05]} Kd8 {[%clk 0:02:06]} 46. e7+
{[%clk 0:40:58]} Kxd7 {[%clk 0:02:30]} 47. Kf4 {[%clk 0:40:46]} Ba4
{[%clk 0:02:42]} 0-1

[Event "XIII International Chess Festival"]
[Site "Paracin"]
[Date "2020.07.04"]
[Round "2.10"]
[White "Martic, Ivan"]
[Black "Tisma, Ivan"]
[Result "1-0"]
[BlackElo "2088"]
[WhiteElo "2386"]
[LiveChessVersion "1.4.8"]

1. Nf3 {[%clk 1:30:56]} Nf6 {[%clk 1:29:50]} 2. c4 {[%clk 1:31:08]} g6
{[%clk 1:29:06]} 3. b4 {[%clk 1:30:16]} Bg7 {[%clk 1:28:34]} 4. Bb2
{[%clk 1:30:41]} O-O {[%clk 1:28:04]} 5. g3 {[%clk 1:30:28]} b6 {[%clk 1:26:49]}
6. Bg2 {[%clk 1:30:48]} Bb7 {[%clk 1:27:09]} 7. d3 {[%clk 1:29:50]} d6
{[%clk 1:26:14]} 8. O-O {[%clk 1:29:31]} c5 {[%clk 1:23:22]} 9. a3
{[%clk 1:25:59]} Nbd7 {[%clk 1:16:08]} 10. Nc3 {[%clk 1:24:10]} a6
{[%clk 1:15:50]} 11. Rc1 {[%clk 1:21:03]} Qc7 {[%clk 1:08:51]} 12. Qb3
{[%clk 1:11:32]} Rfc8 {[%clk 1:04:37]} 13. b5 {[%clk 1:02:17]} a5
{[%clk 1:04:20]} 14. Nd2 {[%clk 1:01:09]} Bxg2 {[%clk 1:03:15]} 15. Kxg2
{[%clk 1:01:33]} Qb7+ {[%clk 1:03:25]} 16. Kg1 {[%clk 1:01:41]} h5
{[%clk 1:02:30]} 17. Nf3 {[%clk 1:00:40]} e6 {[%clk 1:00:34]} 18. e4
{[%clk 0:59:01]} Ng4 {[%clk 0:53:55]} 19. Rcd1 {[%clk 0:54:08]} Qc7
{[%clk 0:50:35]} 20. Ne2 {[%clk 0:52:23]} Nde5 {[%clk 0:49:51]} 21. Ne1
{[%clk 0:49:35]} Qe7 {[%clk 0:46:14]} 22. h3 {[%clk 0:48:18]} Nf6
{[%clk 0:46:22]} 23. f4 {[%clk 0:47:57]} Ned7 {[%clk 0:46:38]} 24. Nf3
{[%clk 0:48:05]} Ra7 {[%clk 0:43:25]} 25. Rf2 {[%clk 0:46:45]} Rac7
{[%clk 0:42:20]} 26. Rdf1 {[%clk 0:45:27]} Nh7 {[%clk 0:40:34]} 27. g4
{[%clk 0:42:52]} hxg4 {[%clk 0:38:45]} 28. hxg4 {[%clk 0:43:16]} Bxb2
{[%clk 0:33:27]} 29. Qxb2 {[%clk 0:43:38]} Ndf6 {[%clk 0:30:53]} 30. Rg2
{[%clk 0:41:09]} Nd7 {[%clk 0:22:54]} 31. g5 {[%clk 0:40:25]} d5 {[%clk 0:22:12]}
32. e5 {[%clk 0:39:07]} Rd8 {[%clk 0:20:07]} 33. Nh2 {[%clk 0:36:52]} dxc4
{[%clk 0:20:16]} 34. dxc4 {[%clk 0:37:15]} Ndf8 {[%clk 0:20:33]} 35. Qc3
{[%clk 0:32:22]} Rcd7 {[%clk 0:20:21]} 36. Qh3 {[%clk 0:31:33]} Rd3
{[%clk 0:20:32]} 37. Qh6 {[%clk 0:28:32]} Nd7 {[%clk 0:20:50]} 38. Ng4
{[%clk 0:28:36]} Qf8 {[%clk 0:21:06]} 39. Qh4 {[%clk 0:28:50]} Qg7
{[%clk 0:20:15]} 40. Rh2 {[%clk 0:25:31]} Ndf8 {[%clk 0:18:03]} 41. Nf6+
{[%clk 0:23:59]} Kh8 {[%clk 0:17:42]} 42. Kf2 {[%clk 0:20:44]} Rd1
{[%clk 0:18:01]} 43. Rfh1 {[%clk 0:20:31]} Rxh1 {[%clk 0:18:12]} 44. Rxh1
{[%clk 0:20:51]} Rd3 {[%clk 0:18:14]} 45. Rh3 {[%clk 0:19:27]} Rd1
{[%clk 0:18:10]} 46. a4 {[%clk 0:19:04]} Rd2 {[%clk 0:18:13]} 47. Ke1
{[%clk 0:19:18]} Rd8 {[%clk 0:18:31]} 48. Kf1 {[%clk 0:17:15]} Rd1+
{[%clk 0:18:53]} 49. Kg2 {[%clk 0:17:26]} Rd2 {[%clk 0:19:16]} 50. Kf3
{[%clk 0:17:37]} Rd3+ {[%clk 0:19:29]} 51. Kf2 {[%clk 0:16:47]} Rd2
{[%clk 0:19:52]} 52. Ke3 {[%clk 0:17:00]} Rd1 {[%clk 0:19:57]} 53. Rh1
{[%clk 0:17:10]} Rd8 {[%clk 0:20:12]} 54. Qh3 {[%clk 0:17:24]} Rc8
{[%clk 0:18:13]} 55. Rd1 {[%clk 0:17:44]} Ra8 {[%clk 0:15:46]} 56. Nc3 Rc8
{[%clk 0:15:55]} 57. Nce4 {[%clk 0:18:20]} 1-0